Rivaux Pokémon - Statistiques

Statistiques générales
  • Ce quiz a été pris 29 fois
  • Le résultat moyen est 16 sur 25
Statistiques - réponses
Région Rival % Correct
Kanto Blue
100%
Hoenn Flora
86%
Unys N
82%
Unys Bianca
77%
Kalos Serena
77%
Johto Silver
77%
Hoenn Brice
73%
Alola Tili
73%
Galar Nabil
68%
Galar Rosemary
68%
Unys Tcheren
68%
Kalos Tierno
68%
Hoenn Timmy
68%
Galar Travis
68%
Alola Gladio
64%
Kalos Sannah
64%
Kalos Trovato
64%
Unys Matis
55%
Paldea Menzi
55%
Sinnoh Barry
50%
Kalos Kalem
50%
Sinnoh René
41%
Kanto Trace
41%
Galar Saturnin
27%
Galar Sophorin
0%
Aucun quiz correspondant
Distribution des résultats
% des personnes avec chaque résultat
Percentile par nombre de réponses
Votre historique - résultats
Vous n’avez pas pris ce quiz